| 000 | 00609nam a2200193 a 4500 | ||
|---|---|---|---|
| 001 | 000044229 | ||
| 003 | OSt | ||
| 005 | 20250919112546.0 | ||
| 008 | 140610s2014 dr 000 0 spa d | ||
| 020 | _a9789945889154 | ||
| 040 |
_aDO-SdBNP _bspa _cBNPHU |
||
| 245 | 0 | 0 | _aEnsayos sobre temas constitucionales. |
| 260 |
_aSanto Domingo : _bCONADEX, _c2014. |
||
| 300 |
_a354 p. ; _c24 cm. |
||
| 500 | _aIncluye referencias bibliográficas y notas al pie de las páginas | ||
| 504 | _aBibliografía : p. [353]- 354 | ||
| 710 | 1 |
_aRepública Dominicana. _bCorte de Constitucionalidad _971191 |
|
| 942 |
_2ddc _cLBS1 |
||
| 999 |
_c43718 _d43718 |
||